Every Song by Helmet - Statistics

General Stats
  • This quiz has been taken 5 times
  • The average score is 14 of 114
Answer Stats
Album Song % Correct
Meantime(1992) In the Meantime
80%
Strap It On(1990) Sinatra
80%
Meantime(1992) Unsung
80%
Born Annoying(1995) Born Annoying
60%
Strap It On(1990) FBLA
60%
Meantime(1992) FBLA II
60%
Meantime(1992) Ironhead
60%
Betty(1994) Milquetoast
60%
Betty(1994) Biscuits for Smut
40%
Strap It On(1990) Blacktop
40%
Size Matters(2004) Crashing Foreign Cars
40%
Meantime(1992) Give It
40%
Strap It On(1990) Rude
40%
Betty(1994) Sam Hell
40%
Betty(1994) Tic
40%
Betty(1994) Wilma's Rainbow
40%
Strap It On(1990) Bad Mood
20%
Betty(1994) Beautiful Love
20%
Meantime(1992) Better
20%
Betty(1994) Clean
20%
Aftertaste(1997) Crisis King
20%
Dead to the World(2016) Dead to the World
20%
Aftertaste(1997) Diet Aftertaste
20%
Strap It On(1990) Distracted
20%
Aftertaste(1997) Driving Nowhere
20%
Born Annoying(1995) Geisha to Go
20%
Betty(1994) I Know
20%
Strap It On(Bonus)(1990) Impressionable
20%
Aftertaste(1997) Like I Care
20%
Strap It On(1990) Make Room
20%
Monochrome(2006) Monochrome
20%
Non-Album(2021) Move On
20%
Strap It On(1990) Murder
20%
Born Annoying(1995) No Nicky No
20%
Betty(1994) Overrated
20%
Strap It On(1990) Repetition
20%
Betty(1994) Rollo
20%
Born Annoying(1995) Rumble
20%
Seeing Eye Dog(2010) Seeing Eye Dog
20%
Born Annoying(1995) Shirley MacLaine
20%
Size Matters(2004) Smart
20%
Betty(1994) Speechless
20%
Born Annoying(1995) Taken
20%
Betty(1994) Vaccination
20%
Meantime(1992) You Borrowed
20%
Monochrome(2006) 410
0%
Monochrome(2006) Almost Out of Sight
0%
Dead to the World(2016) Bad News
0%
LEFT(2023) Big Shot
0%
Aftertaste(1997) Birth Defect
0%
Size Matters(Bonus)(2004) Black Light
0%
LEFT(2023) Bombastic
0%
Monochrome(2006) Brand New
0%
Aftertaste(1997) Broadcast Emotion
0%
Monochrome(2006) Bury Me
0%
Aftertaste(Bonus)(1997) Complete
0%
Dead to the World(2016) Die Alone
0%
Non-Album(1996) Disagreeable
0%
LEFT(2023) Dislocated
0%
Size Matters(2004) Drug Lord
0%
Dead to the World(2016) Drunk in the Afternoon
0%
Size Matters(2004) Enemies
0%
Size Matters(2004) Everybody Loves You
0%
Aftertaste(1997) Exactly What You Wanted
0%
Dead to the World(2016) Expect the World
0%
Betty(Bonus)(2010) Flushings
0%
Monochrome(2006) Gone
0%
Monochrome(2006) Goodbye
0%
LEFT(2023) Gun Fluf
0%
Aftertaste(1997) Harmless
0%
Meantime(1992) He Feels Bad
0%
Aftertaste(1997) (High) Visibility
0%
LEFT(2023) Holiday
0%
Monochrome(2006) Howl
0%
Dead to the World(2016) I Love My Guru
0%
Seeing Eye Dog(2010) In Person
0%
Aftertaste(1997) Insatiable
0%
Non-Album(2021) In the Ditch
0%
Aftertaste(1997) It's Easy to Get Bored
0%
Betty(Bonus)(1994) Just Another Victim
0%
Size Matters(Bonus)(2004) Just Like Me
0%
Size Matters(2004) Last Breath
0%
Seeing Eye Dog(2010) LA Water
0%
Dead to the World(2016) Life or Death
0%
Dead to the World(2016) Look Alive
0%
LEFT(2023) Make-Up
0%
Seeing Eye Dog(2010) Miserable
0%
Monochrome(2006) Money Shot
0%
Seeing Eye Dog(2010) Morphing
0%
LEFT(2023) NYC Tough Guy
0%
Monochrome(2006) On Your Way Down
0%
Betty(Bonus)(1994) Pariah
0%
LEFT(2023) Powder Puff
0%
Aftertaste(1997) Pure
0%
Dead to the World(2016) Red Scare
0%
Aftertaste(1997) Renovation
0%
LEFT(2023) Reprise
0%
Meantime(1992) Role Model
0%
Size Matters(2004) See You Dead
0%
Seeing Eye Dog(2010) She's Lost
0%
Seeing Eye Dog(2010) So Long
0%
Size Matters(2004) Speak and Spell
0%
Betty(1994) Street Crab
0%
Size Matters(2004) Surgery
0%
Monochrome(2006) Swallowing Everything
0%
LEFT(2023) Tell Me Again
0%
Betty(1994) The Silver Hawaiian
0%
Betty(Bonus)(2010) Thick
0%
Size Matters(2004) Throwing Punches
0%
Meantime(1992) Turned Out
0%
Size Matters(2004) Unwound
0%
Seeing Eye Dog(2010) Welcome to Algiers
0%
Seeing Eye Dog(2010) White City
0%
Born Annoying(1995) Your Head
0%
No matching quizzes found
Score Distribution
Percent of People with Each Score
Percentile by Number Answered
Your Score History
You have not taken this quiz